| 000 | 00341nam a2200133 4500 | ||
|---|---|---|---|
| 005 | 20260530113901.0 | ||
| 100 | 1 |
_aPanorama _932353 |
|
| 245 | 1 | 0 | _aSoluciones Arquitectónicas Eurovent CUPRUM |
| 264 | 1 |
_bCUPRUM _c2006 |
|
| 300 | _a400 páginas | ||
| 336 |
_atexto _2rdacontent |
||
| 337 |
_asin medio _2rdamedia |
||
| 338 |
_avolumen _2rdacarrier |
||
| 999 |
_c11800 _d11800 |
||